Резьба метрическая. Диаметры и шаги по ГОСТ 8724-2002 (ИСО 261-98); Справочник. Инженерный журнал; № 3

Podrobná bibliografie
Parent link:Справочник. Инженерный журнал: научно-технический и производственный журнал.— , 2000-.— 0203-347X
№ 3.— 2004.— С. 47-52
Jazyk:ruština
Vydáno: 2004
Edice:Справочник конструктора-машиностроителя
Témata:
Médium: MixedMaterials Kapitola
KOHA link:https://koha.lib.tpu.ru/cgi-bin/koha/opac-detail.pl?biblionumber=394904

MARC

LEADER 00000naa2a2200000 4500
001 394904
005 20231101064544.0
035 |a (RuTPU)RU\TPU\prd\31929 
090 |a 394904 
100 |a 20050124a2004 k y0rusy50 ca 
101 0 |a rus 
102 |a RU 
200 1 |a Резьба метрическая. Диаметры и шаги по ГОСТ 8724-2002 (ИСО 261-98) 
225 1 |a Справочник конструктора-машиностроителя 
461 1 |0 (RuTPU)RU\TPU\prd\1723  |x 0203-347X  |t Справочник. Инженерный журнал  |o научно-технический и производственный журнал  |d 2000- 
463 1 |0 (RuTPU)RU\TPU\prd\25797  |t № 3  |v С. 47-52  |d 2004 
610 1 |a госты 
610 1 |a стандарты ИСО 
610 1 |a резьба метрическая 
610 1 |a диаметры 
610 1 |a шаги 
610 1 |a определения 
610 1 |a применение 
610 1 |a обозначения резьбы 
801 1 |a RU  |b 63413507  |c 20050124  |g PSBO 
801 2 |a RU  |b 63413507  |c 20140116  |g RCR 
942 |c BK